00335nam a2200109Ia 4500008004000000082001500040100002300055245005400078260005500132300001400187650002400201210210b1990 xxu||||| |||| 00| 0 eng d a225.7 BARD aBARCLAY (William). aDaily study bible:the letters of James and Peter. aBangalorebTheological Publications in Indiac1990 axi,351,iv aLetters James Peter